00509nam a2200145Ia 4500008004100000041000800041082002000049100001500069245004500084250000800129260005000137300001300187999002100200952014200221231229s2022 xx 000 0 und d aeng a342.540853bDAS aDAS (P.K.) aHandbook on The Right to Information Act a5th bUniversal Law Publishing Co. Pvt. Ltd. c2022 avi, 1096 c1062148d1062148 00104070aIMDbIMDd2022-04-25g878.00l2o342.540853 DASpIMD-26LB0003011q2026-06-18r2026-06-11 00:00:00s2026-06-11w2024-01-11yBK